[Event "SLO-ch U10 Girls"]
[Site "Murska Sobota"]
[Date "2006.03.01"]
[Round "5"]
[White "Marn, Helena"]
[Black "Urbanc, Maja"]
[Result "0-1"]
[WhiteElo "1500"]
[BlackElo "1500"]
[PlyCount "82"]
[EventDate "2006.02.26"]
[EventType "swiss"]
[EventRounds "9"]
[EventCountry "SLO"]
[SourceTitle "EXT 2009"]
[Source "ChessBase"]
[SourceDate "2008.11.26"]
[SourceVersion "1"]
[SourceVersionDate "2008.11.26"]
[SourceQuality "1"]

1. e4 e5 2. Nf3 Nc6 3. Bc4 Bc5 4. 0-0 Nf6 5. Nc3 0-0 6. d3 h6 7. a3 d6 8. b4 Bd4 9. Be3 Bxc3 10. Rc1 Be6 11. Bb5 a6 12. Ba4 Bb2 13. Rb1 Bxa3 14. d4 Bxb4 15. Rb2 Bc4 16. Re1 Bxe1 17. Nxe1 b5 18. Bb3 Bxb3 19. cxb3 Ng4 20. h3 Nxe3 21. fxe3 f5 22. g4 fxe4 23. Rf2 Rxf2 24. Kxf2 exd4 25. exd4 Qf6+ 26. Nf3 exf3 27. Qxf3 Qxf3+ 28. Kxf3 Nxd4+ 29. Ke3 Nxb3 30. h4 a5 31. g5 h5 32. g6 a4 33. Ke2 a3 34. Kd1 a2 35. Kc2 a1Q 36. Kxb3 Ra4 37. Kc2 Rc4+ 38. Kd2 Qa3 39. Kd1 Rb4 40. Ke1 Rb2 41. Kd1 Qa1# 0-1